Notre Dame Basketball: Top 10 All-Time Leaders - Statistics

General Stats
  • This quiz has been taken 24 times
    2 since last reset
  • The average score is 34 of 91
Answer Stats
Category # Player Amount % Correct
Points 1 Austin Carr 2,560
100%
Field Goal Percent 10 Austin Carr 52.8%
100%
Points Per Game 1 Austin Carr 34.6
100%
Blocks 5 Bonzie Colson 155
100%
Games 1 Dane Goodwin 158
100%
Blocks 9 Jack Cooley 116
100%
Assists 3 Jerian Grant 690
100%
Steals 6 Jerian Grant 175
100%
Rebounds 10 Nate Laszewski 900
100%
Games 2 Nate Laszewski 157
100%
Assists 2 Tory Jackson 694
100%
Steals 2 Tory Jackson 211
100%
Games T6 Tory Jackson 136
100%
Field Goal Percent 9 Tracy Jackson 53.1%
100%
Points 3 Adrian Dantley 2,223
50%
Field Goal Percent 5 Adrian Dantley 56.2%
50%
Points Per Game 2 Adrian Dantley 25.8
50%
Rebounds 5 Bob Whitmore 1,043
50%
Points Per Game 9 Bob Whitmore 18.8
50%
Steals 7 Chris Quinn 155
50%
Three Pointers Made 9 Chris Quinn 239
50%
Three Pointers Made 1 Colin Falls 331
50%
Points 6 David Rivers 2,058
50%
Assists 5 David Rivers 586
50%
Steals 4 David Rivers 201
50%
Assists 4 Eric Atkins 589
50%
Steals 8 Eric Atkins 151
50%
Games T8 Eric Atkins 133
50%
Rebounds 9 John Mooney 923
50%
Field Goal Percent 1 John Shumate 60.9%
50%
Points Per Game 4 John Shumate 22.6
50%
Blocks 6 Juwan Durham 129
50%
Field Goal Percent 6 Kelly Tripucka 54.8%
50%
Rebounds 4 LaPhonso Ellis 1,075
50%
Blocks 2 LaPhonso Ellis 200
50%
Field Goal Percent 4 LaPhonso Ellis 57.7%
50%
Points 2 Luke Harangody 2,476
50%
Rebounds 2 Luke Harangody 1,222
50%
Points Per Game 7 Luke Harangody 19.2
50%
Three Pointers Made 5 Pat Connaughton 268
50%
Games 4 Pat Connaughton 139
50%
Assists 6 Prentiss Hubb 585
50%
Three Pointers Made 10 Prentiss Hubb 236
50%
Games 5 Steve Vasturia 137
50%
Three Pointers Made 8 T.J. Gibbs 241
50%
Games T6 T.J. Gibbs 136
50%
Points 9 Tom Hawkins 1,820
50%
Rebounds 1 Tom Hawkins 1,318
50%
Points Per Game 3 Tom Hawkins 23.0
50%
Points 7 Troy Murphy 2,011
50%
Rebounds 8 Troy Murphy 924
50%
Blocks 7 Troy Murphy 126
50%
Points Per Game 5 Troy Murphy 21.4
50%
Games 10 V.J. Beachem 132
50%
Rebounds 7 Bob Arnzen 944
0%
Points Per Game 6 Bob Arnzen 20.3
0%
Blocks T10 Carleton Scott 97
0%
Points 4 Chris Thomas 2,195
0%
Assists 1 Chris Thomas 833
0%
Steals 1 Chris Thomas 244
0%
Three Pointers Made 2 Chris Thomas 302
0%
Field Goal Percent 7 Daimon Sweet 54.1%
0%
Field Goal Percent 8 Dave Batton 53.3%
0%
Points 10 David Graves 1,746
0%
Steals 3 David Graves 202
0%
Three Pointers Made 6 David Graves 259
0%
Assists 9 Elmer Bennett 516
0%
Steals 5 Elmer Bennett 187
0%
Blocks 1 Jordan Cornette 201
0%
Field Goal Percent 3 Keith Robinson 58.2%
0%
Three Pointers Made 4 Kyle McAlarney 298
0%
Assists 8 Martin Inglesby 526
0%
Points 8 Matt Carroll 1,850
0%
Three Pointers Made 3 Matt Carroll 301
0%
Games T8 Matt Carroll 133
0%
Blocks T10 Matt Gotsch 97
0%
Field Goal Percent 2 Orlando Woolridge 59.5%
0%
Points 5 Pat Garrity 2,085
0%
Points Per Game 10 Pat Garrity 18.8
0%
Steals 9 Rex Pflueger 146
0%
Games 3 Rex Pflueger 141
0%
Assists 10 Rich Branning 466
0%
Blocks 8 Rob Kurz 122
0%
Points Per Game 8 Ron Reed 18.9
0%
Steals 10 Ryan Hoover 145
0%
Three Pointers Made 7 Ryan Hoover 248
0%
Blocks 3 Ryan Humphrey 166
0%
Assists 7 Tim Singleton 549
0%
Rebounds 6 Torin Francis 969
0%
Blocks 4 Torin Francis 157
0%
Rebounds 3 Walt Sahm 1,146
0%
No matching quizzes found
Score Distribution
Percent of People with Each Score
Percentile by Number Answered
Your Score History
You have not taken this quiz since the last reset